| 000 | 01830cam a2200169 4500500 | ||
|---|---|---|---|
| 005 | 20260111104950.0 | ||
| 041 | _afre | ||
| 042 | _adc | ||
| 100 | 1 | 0 |
_aJung, Heeyoung _eauthor |
| 245 | 0 | 0 | _aLe marché et la guerre, moteur de la puissance américaine, Kim Dong-Chun, Changbi éditions, 2004, 366 pages |
| 260 | _c2005. | ||
| 500 | _a56 | ||
| 520 | _aRésuméLes relations entre le Mexique et les États-Unis ont besoin de trouver un nouveau souffle. Cela passe par une vision claire de long terme comme celle qui présida à la création de l’Alena en 1992, et des initiatives ambitieuses à même de résoudre les problèmes communs aux deux pays, en particulier l’émigration mexicaine vers le nord. Il nous faut abandonner nos réticences mutuelles et créer un véritable espace économique et de sécurité nord-américain qui réponde au défi du développement, de la compétitivité, et à celui de la défense contre des menaces extérieures. | ||
| 520 | _aParameters for Partnership: Taking a New Look at the US-Mexico RelationshipThe US-Mexico relationship has lost steam. A new partnership now needs new parameters, with a bold vision of the future along the lines of the Nafta when it was first put forward. Only a set of ambitious steps will help resolve common issues, particularly Mexican emigration to the US. We need to promote the emergence of a North American homeland, discuss the common defense of the region, and create a “Made in North America” label that will be the result of freer movement of goods, services and people within North America, and a signal of quality and competitiveness. | ||
| 786 | 0 | _nPolitique américaine | 2 | 2 | 2005-06-01 | p. 129b-134b | 1771-8848 | |
| 856 | 4 | 1 | _uhttps://shs.cairn.info/revue-politique-americaine-2005-2-page-129b?lang=fr&redirect-ssocas=7080 |
| 999 |
_c1631239 _d1631239 |
||